Loading...
| Science - Other Science | 1 | 4 | 1 | 1 | 50 | 67 | 93.40 | 3 | 5 |
| History - World History | 1 | 2 | 0 | 1 | 35 | 44 | 90.00 | 1 | 3 |
| Science - Biology | 1 | 1 | 0 | 0 | 25 | 52 | 89.00 | 1 | 2 |
| History - European History | 0 | 2 | 0 | 0 | 20 | 107 | 118.00 | 1 | 2 |
| Science - Chemistry | 0 | 2 | 0 | 1 | 20 | 105 | 108.00 | 1 | 2 |
| Geography | 1 | 0 | 0 | 0 | 15 | 43 | 43.00 | 1 | 1 |
| Social Science | 1 | 0 | 1 | 0 | 10 | 42 | 42.00 | 1 | 1 |
| Science - Physics | 0 | 2 | 2 | 0 | 10 | 105 | 108.00 | 1 | 2 |
| Fine Arts - Visual Fine Arts | 0 | 1 | 1 | 0 | 5 | 160 | 160.00 | 0 | 1 |
| Literature - British Literature | 0 | 0 | 0 | 0 | 0 | 0.00 | 0 | 0 | |
| History - American History | 0 | 0 | 0 | 0 | 0 | 0.00 | 0 | 0 | |
| Religion | 0 | 0 | 1 | 0 | -5 | 0.00 | 0 | 0 |